| 000 | 01217cab a2200217 4500 | ||
|---|---|---|---|
| 001 | ##L134619 | ||
| 008 | 060818n2006 000 0 eng u | ||
| 035 | _a(Sirsi) u134619 | ||
| 041 | 0 | _aeng | |
| 100 | 1 | _aGillham, Barry | |
| 245 | 0 | 0 | _aProfits method valuation succeeds following further challenge |
| 260 | _c2006 | ||
| 490 | 0 |
_aJournal of Retail and Leisure Property _v5(2) 2006, 162-171(10) |
|
| 520 | _aDeals with the assessment of the rental value of shell condition pub restaurants where located on either retail or leisure parks. Should rental valuation be by reference to either direct floor area comparison or by the profits method? In the virtual absence of market lettings of such properties, how is the limited comparable evidence from rent reviews to be compared and contrasted? Looks at two disputed rent review cases resulting in independent expert valuer determinations. [Taken from journal abstract]. | ||
| 590 | _aIKA220806 | ||
| 651 | 4 |
_aUnited Kingdom _y |
|
| 690 | _aPROPERTY-COMMERCIAL PROPERTY-LEISURE PROPERTY-REFRESHMENT AND CULINARY PROPERTY-LICENSED PROPERTY-LICENSED PREMISES | ||
| 690 | _aPROPERTY-PROPERTY VALUATION AND APPRAISAL | ||
| 700 | 1 | _aBarnes, Anthony | |
| 942 | _n0 | ||
| 999 |
_c77593 _d77593 |
||